Mezzotints in modern music.

Saved in:
Bibliographic Details
Main Author: Huneker, James, 1857-1921
Format: Book
Language:English
Published: New York, AMS Press [1971]
Subjects:
LEADER 01043nam a2200253 4500
001 c000039759
003 CARM
005 00000000000000.0
008 710702r19711905nyu 00100 eng
019 1 |a 602430  |5 LACONCORD2021 
020 |a 040403389X 
035 |a (OCoLC)148322  |5 LACONCORD2021 
050 0 0 |a ML60  |b .H918 1971 
100 1 |a Huneker, James,  |d 1857-1921. 
245 1 0 |a Mezzotints in modern music. 
260 |a New York,  |b AMS Press  |c [1971] 
300 |a 318 p.  |c 19 cm. 
500 |a Reprint of the 1905 ed. 
505 0 |a The music of the future.--A modern music lord [Tschaikowsky]--Richard Strauss and Nietzsche.--The greater Chopin.--A Liszt etude.--The royal road to Parnassus.--A note on Richard Wagner. 
650 0 |a Music  |y 19th century  |x History and criticism. 
852 8 |b CARM  |h A2:AE02G0  |i A00197  |p 0038455  |f BK 
082 0 4 |a 780/.922  |a B 
999 f f |i 81e87b07-7ca4-5b63-bb4b-1d3102bc0e3b  |s 8902ae48-7b43-566d-ac58-71d0d4fa0f91 
952 f f |p Can circulate  |a CAVAL  |b CAVAL  |c CAVAL  |d CARM 1 Store  |e A00197  |f A2:AE02G0  |h Other scheme  |i book  |m 0038455